[Event "SCG-chT1 Central"]
[Site "Vrnjacka Banja"]
[Date "2004.09.25"]
[Round "1.3"]
[White "Popchev, Milko"]
[Black "Radojcic, Slobodan"]
[Result "1-0"]
[WhiteElo "2449"]
[BlackElo "2288"]
[PlyCount "111"]
[EventDate "2004.09.25"]
[EventType "team"]
[EventRounds "11"]
[EventCountry "YUG"]
[SourceTitle "CBM 102 Extra"]
[Source "ChessBase"]
[SourceDate "2004.11.03"]
[SourceVersion "1"]
[SourceVersionDate "2004.11.03"]
[SourceQuality "1"]
[WhiteTeam "02"]
[BlackTeam "11"]
[WhiteTeamCountry "YUG"]
[BlackTeamCountry "YUG"]

1. g3 d5 2. Bg2 e6 3. Nf3 Nf6 4. 0-0 Be7 5. d3 c5 6. Nbd2 Nc6 7. e4 Qc7 8. Re1 b6 9. Nf1 Bb7 10. Bf4 Qc8 11. e5 Nd7 12. h4 h6 13. h5 Qc7 14. Ne3 Qd8 15. c4 d4 16. Ng4 Bg5 17. Qd2 Bxf4 18. Qxf4 Nb4 19. Qd2 Bxf3 20. Bxf3 Rc8 21. a3 Nc6 22. Qe2 Qg5 23. b4 0-0 24. b5 Na5 25. Kg2 Rce8 26. Be4 f5 27. exf6 Nxf6 28. Nxf6+ Qxf6 29. Ra2 Kh8 30. Qg4 e5 31. Rae2 Re7 32. Qg6 Qxg6 33. Bxg6 a6 34. a4 axb5 35. axb5 Rb7 36. Rxe5 Rbb8 37. Re6 Nb3 38. f4 Rf6 39. Re8+ Rf8 40. Rxf8+ Rxf8 41. Re6 Rd8 42. g4 Kg8 43. g5 hxg5 44. fxg5 Nd2 45. h6 gxh6 46. gxh6 Nb3 47. Kg3 Nd2 48. Rf6 Kh8 49. Kg4 Kg8 50. Kg5 Kh8 51. Rf2 Nb3 52. Re2 Nc1 53. Re1 Nxd3 54. Re8+ Rxe8 55. Bxe8 Nf2 56. Bg6 1-0

[Event "Alba Adriatica op"]
[Site "Alba Adriatica"]
[Date "1988.??.??"]
[Round "?"]
[White "Radojcic, Slobodan"]
[Black "Castagnetta, Gianluca"]
[Result "0-1"]
[WhiteElo "2355"]
[BlackElo "2295"]
[PlyCount "92"]
[EventDate "1988.??.??"]
[EventType "swiss"]
[EventRounds "7"]
[EventCountry "ITA"]
[SourceTitle "EXT 2002"]
[Source "ChessBase"]
[SourceDate "2001.11.25"]
[SourceVersion "1"]
[SourceVersionDate "2001.11.25"]
[SourceQuality "1"]

1. Nf3 Nf6 2. g3 e6 3. Bg2 Be7 4. 0-0 d5 5. d3 0-0 6. Nbd2 c5 7. c4 Nc6 8. a3 Rb8 9. b3 b5 10. Qc2 bxc4 11. bxc4 d4 12. Ng5 Bd7 13. Nge4 Nxe4 14. Nxe4 f5 15. Nd2 Qa5 16. Nf3 Qc3 17. Qa2 e5 18. Bd2 Qb2 19. Bg5 Bd6 20. Bd2 h6 21. Nh4 g5 22. Nf3 Rb3 23. Bc1 Qxa2 24. Rxa2 Rfb8 25. Nd2 Rc3 26. g4 Na5 27. gxf5 Bxf5 28. h4 gxh4 29. Be4 Bh3 30. Bg2 Bxg2 31. Kxg2 Nb3 32. Nxb3 Rbxb3 33. Bxh6 e4 34. Bd2 Rxa3 35. Rfa1 Rxa2 36. Rxa2 Rb3 37. Kh3 exd3 38. e3 Rc3 39. exd4 cxd4 40. Rxa7 Bf4 41. Ra2 Bd6 42. Kxh4 Rc2 43. Rxc2 dxc2 44. Kg4 Bb4 45. Bc1 d3 46. c5 d2 0-1

[Event "Titovo Uzice"]
[Site "Titovo Uzice"]
[Date "1981.07.02"]
[Round "6"]
[White "Novoselski, Zoran"]
[Black "Radojcic, Slobodan"]
[Result "1-0"]
[WhiteElo "2365"]
[BlackElo "2320"]
[PlyCount "81"]
[EventDate "1981.06.27"]
[EventType "tourn"]
[EventRounds "13"]
[EventCountry "YUG"]
[SourceTitle "EXT 2022"]
[Source "ChessBase"]
[SourceDate "2021.10.06"]
[SourceVersion "1"]
[SourceVersionDate "2021.10.06"]
[SourceQuality "1"]

1. e4 e5 2. Nf3 Nc6 3. Bb5 a6 4. Bxc6 dxc6 5. 0-0 f6 6. d4 Bg4 7. c3 exd4 8. cxd4 Qd7 9. Be3 0-0-0 10. Nbd2 Ne7 11. b4 Ng6 12. Qb3 Bd6 13. Rfb1 Bf4 14. a4 Qe6 15. b5 Qxb3 16. Nxb3 Bxe3 17. fxe3 cxb5 18. axb5 axb5 19. Nc5 c6 20. h3 Bxf3 21. gxf3 Rde8 22. Ra8+ Kc7 23. Ra7 Rb8 24. Rba1 Kc8 25. f4 Re8 26. e5 fxe5 27. dxe5 Ne7 28. e6 Nd5 29. Kf2 g6 30. h4 Nc7 31. Nd7 Rxe6 32. Nxb8 Kxb8 33. R7a3 b4 34. Rd3 Nd5 35. Rb1 Re4 36. h5 gxh5 37. Rh1 Nf6 38. Kf3 Re7 39. Rd6 Rf7 40. e4 Kc7 41. e5 1-0

[Event "Titovo Uzice"]
[Site "Titovo Uzice"]
[Date "1981.07.01"]
[Round "5"]
[White "Radojcic, Slobodan"]
[Black "Jovcic, Milan"]
[Result "1/2-1/2"]
[WhiteElo "2320"]
[BlackElo "2280"]
[PlyCount "80"]
[EventDate "1981.06.27"]
[EventType "tourn"]
[EventRounds "13"]
[EventCountry "YUG"]
[SourceTitle "EXT 2022"]
[Source "ChessBase"]
[SourceDate "2021.10.06"]
[SourceVersion "1"]
[SourceVersionDate "2021.10.06"]
[SourceQuality "1"]

1. d4 d5 2. c4 e6 3. Nf3 c6 4. Qc2 Nf6 5. a3 Be7 6. Bf4 Nbd7 7. h3 0-0 8. Nbd2 b6 9. cxd5 cxd5 10. Bc7 Qe8 11. Rc1 Bb7 12. e3 Rc8 13. Qb1 Nc5 14. Bh2 Nce4 15. Bd3 Nxd2 16. Kxd2 Qa4 17. Rhd1 Ba6 18. Be5 Bxd3 19. Qxd3 Ne4+ 20. Ke2 Nd6 21. Bxd6 Bxd6 22. Nd2 b5 23. Nb1 Qa5 24. Qb3 a6 25. f4 Rc7 26. Rc2 Rfc8 27. Rdc1 Rxc2+ 28. Rxc2 Rxc2+ 29. Qxc2 Qc7 30. Qxc7 Bxc7 31. Kd3 Kf8 32. Kc3 Ke7 33. Nd2 Kd7 34. Nb3 Kc6 35. Nc5 a5 36. b4 axb4+ 37. axb4 Bd6 38. Nd3 Kc7 39. Ne1 Kd7 40. Nf3 f5 1/2-1/2

[Event "YUG Cup 24th"]
[Site "Pula"]
[Date "1981.05.21"]
[Round "4.2"]
[White "Rukavina, Josip"]
[Black "Radojcic, Slobodan"]
[Result "1-0"]
[WhiteElo "2415"]
[BlackElo "2320"]
[PlyCount "109"]
[EventDate "1981.05.18"]
[EventType "team-swiss"]
[EventRounds "5"]
[EventCountry "YUG"]
[SourceTitle "EXT 2010"]
[Source "ChessBase"]
[SourceDate "2010.11.25"]
[SourceVersion "1"]
[SourceVersionDate "2010.11.25"]
[SourceQuality "1"]
[WhiteTeam "Rijeka Kvarner"]
[BlackTeam "Titovo Uzice Zlatibor"]
[WhiteTeamCountry "YUG"]
[BlackTeamCountry "YUG"]

1. Nf3 Nf6 2. c4 e6 3. d4 b6 4. g3 Bb7 5. Bg2 Be7 6. 0-0 0-0 7. Nc3 Ne4 8. Bd2 Bf6 9. Rc1 d6 10. d5 Nxc3 11. Bxc3 Bxc3 12. Rxc3 e5 13. e4 a5 14. b3 Bc8 15. Ne1 f5 16. Nd3 Qf6 17. a3 fxe4 18. Bxe4 g6 19. f3 Bf5 20. Rf2 Nd7 21. b4 axb4 22. axb4 Bxe4 23. fxe4 Qg5 24. Rxf8+ Rxf8 25. Qe2 h5 26. Nf2 Ra8 27. h4 Ra1+ 28. Kg2 Qd8 29. Qb2 Qa8 30. Qd2 Ra3 31. Rxa3 Qxa3 32. Qg5 Nf8 33. g4 hxg4 34. Nxg4 Qa2+ 35. Nf2 Kf7 36. c5 bxc5 37. bxc5 Qa5 38. c6 Qa2 39. Qg4 Qd2 40. Qc8 Qa5 41. Nh1 Qb6 42. Ng3 Qa5 43. Kf3 Qb6 44. Qd8 Qa7 45. Qc8 Qb6 46. Kg4 Nh7 47. Qd7+ Kg8 48. Qe7 Qa7 49. h5 gxh5+ 50. Kxh5 Qe3 51. Qe6+ Kf8 52. Qc8+ Kf7 53. Qxc7+ Kg8 54. Qd8+ Kg7 55. Qd7+ 1-0

[Event "Titovo Uzice International"]
[Site "Titovo Uzice"]
[Date "1978.07.08"]
[Round "12"]
[White "Ljubojevic, Ljubomir"]
[Black "Radojcic, Slobodan"]
[Result "1-0"]
[WhiteElo "2605"]
[BlackElo "2225"]
[PlyCount "81"]
[EventDate "1978.06.25"]
[EventType "tourn"]
[EventRounds "13"]
[EventCountry "YUG"]
[EventCategory "10"]
[SourceTitle "EXT 1999"]
[Source "ChessBase"]
[SourceDate "1998.11.16"]
[SourceVersion "1"]
[SourceVersionDate "1998.11.16"]
[SourceQuality "1"]

1. e4 c5 2. Nf3 e6 3. d4 cxd4 4. Nxd4 Nf6 5. Nc3 d6 6. f4 Nc6 7. Nf3 Be7 8. Bd3 d5 9. e5 Nd7 10. Be3 a6 11. Ne2 Nc5 12. Nfd4 Nxd3+ 13. Qxd3 Nxd4 14. Nxd4 Bd7 15. 0-0 Bc5 16. Rf3 Bxd4 17. Bxd4 g6 18. Bc5 Rc8 19. Qd4 Qa5 20. Rc3 Qa4 21. Bb4 Rxc3 22. Qxc3 Qc6 23. Qd2 b5 24. b3 f5 25. exf6 Kf7 26. Rc1 Rc8 27. Qd4 a5 28. Bxa5 Qc5 29. Qxc5 Rxc5 30. Bb6 Rc6 31. Bd4 Ra6 32. Ra1 h6 33. Kf2 Ke8 34. Ke3 Kd8 35. Bc5 Be8 36. Kd4 Kc7 37. Kc3 g5 38. g3 Ra8 39. Kb4 Rb8 40. Re1 Bf7 41. f5 1-0

[Event "Titovo Uzice International"]
[Site "Titovo Uzice"]
[Date "1978.07.03"]
[Round "8"]
[White "Radojcic, Slobodan"]
[Black "Ermenkov, Evgenij"]
[Result "0-1"]
[WhiteElo "2225"]
[BlackElo "2520"]
[PlyCount "136"]
[EventDate "1978.06.25"]
[EventType "tourn"]
[EventRounds "13"]
[EventCountry "YUG"]
[EventCategory "10"]
[SourceTitle "EXT 1999"]
[Source "ChessBase"]
[SourceDate "1998.11.16"]
[SourceVersion "1"]
[SourceVersionDate "1998.11.16"]
[SourceQuality "1"]

1. d4 g6 2. Nf3 Bg7 3. c3 d6 4. Bg5 Nd7 5. Nbd2 f6 6. Bh4 e5 7. e3 Nh6 8. Bc4 Qe7 9. dxe5 dxe5 10. e4 Nf7 11. Qe2 a5 12. 0-0 Nd6 13. Bd3 Nc5 14. Nc4 Nxd3 15. Qxd3 Nxc4 16. Qxc4 Be6 17. Qa4+ Qd7 18. Qc2 Qc6 19. Nd2 Kf7 20. Rfd1 Bh6 21. Nf1 Rhd8 22. Ne3 Bxe3 23. fxe3 g5 24. Bf2 Kg7 25. h3 Bf7 26. b3 Bg6 27. Be1 b6 28. Rac1 Bxe4 29. Qe2 Qe6 30. Rd2 Rxd2 31. Qxd2 a4 32. c4 axb3 33. axb3 Bc6 34. Qc2 Rd8 35. Rd1 Rxd1 36. Qxd1 Qf5 37. Qd2 Qe4 38. Kh2 h5 39. Qe2 Kg6 40. Kg1 Bb7 41. Qd2 c5 42. Kh2 Bc6 43. Bg3 h4 44. Be1 Kf7 45. Kg1 Ke7 46. b4 Qxc4 47. bxc5 bxc5 48. Qa5 Qe4 49. Qd2 c4 50. Qe2 Kf7 51. Kh2 Kg6 52. Bb4 Bd5 53. Qd2 f5 54. Kg1 f4 55. exf4 gxf4 56. Kh2 Qd3 57. Qb2 Qg3+ 58. Kg1 f3 59. Qc2+ Kf6 60. Ba5 Qxg2+ 61. Qxg2 fxg2 62. Bd8+ Kf5 63. Bxh4 c3 64. Be1 c2 65. Bd2 Ke4 66. Kf2 Kd3 67. Bc1 Bf3 68. h4 e4 0-1